LIBRARY & INFORMATION CENTRE, KCAET, TAVANUR

ONLINE PUBLIC ACCESS CATALOGUE (OPAC)

Food packaging / (Record no. 2497)

MARC details
000 -LEADER
fixed length control field 00421cam a2200169ua 4500
041 ## - LANGUAGE CODE
Language code of text/sound track or separate title eng
082 ## - DEWEY DECIMAL CLASSIFICATION NUMBER
Classification number 664.092
Item number SAC/FO
100 ## - MAIN ENTRY--AUTHOR NAME
Personal name Sacharow, Stanley .
245 ## - TITLE STATEMENT
Title Food packaging /
250 ## - EDITION STATEMENT
Edition statement 1 /
260 ## - PUBLICATION, DISTRIBUTION, ETC. (IMPRINT)
Place of publication :
Name of publisher The AVI publishing company ,
Year of publication 1970.
300 ## - PHYSICAL DESCRIPTION
Number of Pages 412 ; .
700 1# - ADDED ENTRY--PERSONAL NAME
Personal name Griffin, Roger.C .
942 ## - ADDED ENTRY ELEMENTS (KOHA)
Koha item type Books
Holdings
Withdrawn status Lost status Damaged status Home library Current library Date acquired Full call number Accession Number Koha item type
      KAUAET KAUAET 31/05/1989 664.092 16514 Books
free website counter